000 00699nam a2200253Ia 4500
003 OSt
005 20221006144721.0
006 a|||||r|||| 00| 0
007 ta
008 221006b |||||||| |||| 00| 0 eng d
020 _a03782689
_c
_20.00
024 _a12,474
037 _bGift,
_cTextual
040 _aEASL
_cEASL
_beng
041 _2eng
_aeng
082 _aV41.N77, L7
100 _aCHIN Steves S K Ed.
_9652689
245 0 _aGang of four
_b First essays after the fall
260 _aHong Kong
_bUniversity of Hong
_c1977
300 _a191p.
_ccm.
490 _v CEL
942 _hV41.N77, L7
_cTEXL
_2CC
999 _c1080560
_d1080560